Normale Ansicht MARC-Ansicht ISBD

Muss meine eigenen Sterne machen (Titelsatznr. 60981)

[ MARC ]
MARC-Details
000 -Satzkennung
Kontrollfeld mit fester Länge 01273nam a2200361 c 4500
001 - Kontrollnummer
Kontrollfeld 1124566724
003 - Kontrollnummer Identifier
Kontrollfeld DE-101
005 - Datum und Zeit der letzten Transaktion
Kontrollfeld 20201124122634.0
007 - Feld mit fester Länge zur physischen Beschreibung - Allgemeine Information
Kontrollfeld mit fester Länge tu
008 - Feld mit fester Länge zur physischen Beschreibung - Allgemeine Angaben
Kontrollfeld mit fester Länge 170201s2016 gw ||||| |||| 00||||ger
015 ## - Nummer der Nationalbibliografie
Nummer der Nationalbibliografie 17,A07
Quelle dnb
016 7# - Kontrollnummer der nationalbibliografischen Agentur
Quelle DE-101
Datensatzkontrollnummer 1124566724
020 ## - Internationale Standardbuchnummer
Internationale Standardbuchnummer 9783933416988
Bezugsbedingungen Broschur
035 ## - Systemkontrollnummer
System-Kontrollnummer (DE-599)DNB1124566724
035 ## - Systemkontrollnummer
System-Kontrollnummer (OCoLC)972903793
040 ## - Katalogisierungsquelle
Original-Katalogisierungsstelle 1139
Katalogisierungssprache ger
Übertragungsstelle DE-101
Bearbeitungsstelle STAFF
Beschreibungsfestlegungen rda
041 ## - Sprachcode
Sprachcode des Textes/der Tonspur oder des separaten Titels ger
044 ## - Ländercode der veröffentlichenden/herstellenden Stelle
ISO-Ländercode XA-DE-BB
082 74 - Notation nach der Dewey Decimal Classification
Notation 830
-- B
Zuweisende Stelle DE-101
Ausgabenummer 23sdnb
100 1# - Haupteintragung - Personenname
IDN des Normdatensatzes oder Standardnummer (DE-588)130595292
-- https://d-nb.info/gnd/130595292
-- (DE-101)130595292
Personenname Waligora, Gisela
Datumsangaben in Verbindung mit einem Namen 1936-
Funktionsbezeichnung Verfasser
Code für Beziehungskennzeichnung aut
245 10 - Titel
Titel Muss meine eigenen Sterne machen
Verfasserangabe etc. Gisela Waligora
264 #1 - Produktion, Veröffentlichung, Distribution, Herstellung und Urheberrechtsvermerk
Herstellungs-, Veröffentlichungs- Vertriebs-, Erzeugungsort [Frankfurt (Oder)]
Produzent, Herausgeber, Distributor, Hersteller Gisela Waligora
Datum der Herstellung, der Veröffentlichung, des Vertriebs oder des Urheberschutzvermerks [2016]
264 #2 - Produktion, Veröffentlichung, Distribution, Herstellung und Urheberrechtsvermerk
Herstellungs-, Veröffentlichungs- Vertriebs-, Erzeugungsort Jacobsdorf
Produzent, Herausgeber, Distributor, Hersteller Verlag Die Furt
300 ## - Physische Beschreibung
Umfang 178 Seiten
Maße 22 cm
336 ## - Inhaltstyp
Inhaltstypterm Text
Inhaltstypcode txt
Quelle rdacontent
337 ## - Medientyp
Bezeichnung des Medientyps ohne Hilfsmittel zu benutzen
Medientypcode n
Quelle rdamedia
338 ## - Datenträgertyp
Datenträgertypbezeichnung Band
Datenträgertypcode nc
Quelle rdacarrier
655 #7 - Indexierungsterm - Genre/Form
IDN des Normdatensatzes oder Standardnummer (DE-588)4002214-6
-- https://d-nb.info/gnd/4002214-6
-- (DE-101)040022145
Genre/Form oder fokussierter Term Anthologie
Quelle der Ansetzung oder des Terms gnd-content
655 #7 - Indexierungsterm - Genre/Form
IDN des Normdatensatzes oder Standardnummer (DE-101)1010836315
Genre/Form oder fokussierter Term Lyrik
Quelle der Ansetzung oder des Terms gatbeg
856 42 - Elektronische Adresse und Zugriff
Kontaktstelle für Hilfe beim Zugriff B:DE-101
Elektronisches Format application/pdf
URL <a href="https://d-nb.info/1124566724/04">https://d-nb.info/1124566724/04</a>
Spezifische Materialangaben Inhaltsverzeichnis
942 ## - Zusätzliche Felder (Koha)
Klassifikation oder Aufstellungssystematik Andere/Generische Klassifikation
Koha-Medientyp Monographien
Exemplare
Ausgeschieden Verloren Klassifikation oder Aufstellungssystematik Beschädigt Nicht entleihbar Heimatbibliothek Aufenthaltsbibliothek Aufstellungsort Erwerbungsdatum Kodierter Standort-Qualifier Anzahl Ausleihen Signatur Letzte Aktivität Exemplarnummer Preis gültig von Koha-Medientyp
    Andere/Generische Klassifikation     Stadtarchiv Frankfurt (Oder) | Archivbibliothek Stadtarchiv Frankfurt (Oder) | Archivbibliothek Magazin 24/11/2020 M   II: 4940 24/11/2020 148/2020 24/11/2020 Monographien